Real-Time Explicit Model Predictive Control of Processe

Gespeichert in:
Bibliographische Detailangaben
1. Verfasser: Herceg, Martin
Format: Buch
Sprache:Englisch
Veröffentlicht: Bratislava STU FCHPT 2009
Online-Zugang:Im OPAC anzeigen
Tags: Tag hinzufügen
Keine Tags, Fügen Sie das erste Tag hinzu!

MARC

LEADER 00000nam a2200000 a 4500
005 20260127134244.0
008 110128 2009 xo 000 0 eng d
035 |a vtls010207233 
039 9 |y 201101281120  |z mschk03 
040 |a STUSCHK1  |b slo  |c STUSCHK1  |e AACR2 
100 1 |a Herceg, Martin 
245 1 |a Real-Time Explicit Model Predictive Control of Processe  |c Martin Herceg 
260 |a Bratislava  |b STU FCHPT  |c 2009 
300 |a 169 s.  |b il.  |c 30 cm 
500 |a Dizertačná práca 
500 |a Obháj.: 10.12. 2009 
500 |a Fakulta chemickej a potravinárskej technológie, Ústav informatizácie, automatizácie a matematiky 
910 |a SCHK95 
999 |c 7992  |d 7992